Представление документа в формате MARC21

Поле Инд. ПП Название Значение
Тип записи a
Библиографический уровень m
001 Контрольный номер RU/IS/BASE/305988781
005 Дата корректировки 20230329112048.8
020 a ISBN 978-5-88874-972-2
040 a Служба первич. каталог. НБ ТвГУ
b Код языка каталог. rus
e Правила каталог. PSBO
041 0_ a Код языка текста rus
080 a Индекс УДК 316.722
084 a Индекс другой классификации/Индекс ББК С524.224.024
a Индекс другой классификации/Индекс ББК С523
090 a Полочн. индекс С524.2
x Авторский знак Б 20
245 10 a Заглавие Балтийский регион: лики русского мира
b Продолж. заглавия сборник научных трудов
c Ответственность Рос. гос. ун-т им. Иммануила Канта ; под общ. ред. Н. Г. Бабенко
260 a Место издания Калининград
b Издательство Российский государственный университет
c Дата издания 2008
300 a Объем 247 с.
b Иллюстрации/ тип воспроизводства табл.
504 a Библиография Библиогр. в конце ст.
650 04 a Основная рубрика Коммуникация социальная
x Основная подрубрика Межкультурное общение
650 14 a Основная рубрика Культура
x Основная подрубрика Социология
z Географическая подрубрика Прибалтика
z Географическая подрубрика Россия
653 0_ a Ключевые слова Балтийский регион
a Ключевые слова Взаимодействие культур
a Ключевые слова Культура
a Ключевые слова Межкультурное общение
a Ключевые слова Прибалтийская культура
a Ключевые слова Русская культура
a Ключевые слова Социальная коммуникация
a Ключевые слова Социокультурная среда
a Ключевые слова Социология культуры
700 12 a Другие авторы Бабенко Наталья Григорьевна
e Роль лиц ред.
852 41 i Расстановочный признак Проверка 2023
920 a Оператор Густ
a Оператор Семен
952 c Вид литературы К рн
954 a Дата поступления на обработку 20090929
e Дата перешифровки 20230329